00325nam a22001097a 4500008004100000082002000041110004700061245004100108260003500149300000900184440002200193230623b xxu||||| |||| 00| 0 eng d a330.9bFOS 2001 bCentre for the Study of African Economies  aAfrican Economic Research Consortium b Oxford University Pressc2001 a142p n2pSupplementv10